Rightmove house price index (Record no. 107408)
[ view plain ]
| 000 -LEADER | |
|---|---|
| fixed length control field | 01186cad a22002295a 4500 |
| 001 - CONTROL NUMBER | |
| control field | L140034 |
| 008 - FIXED-LENGTH DATA ELEMENTS--GENERAL INFORMATION | |
| fixed length control field | 070830e20070820 d f s 000 0 eng u |
| 035 ## - SYSTEM CONTROL NUMBER | |
| System control number | (Sirsi) u140034 |
| 041 0# - LANGUAGE CODE | |
| Language code of text/sound track or separate title | eng |
| 050 ## - LIBRARY OF CONGRESS CALL NUMBER | |
| Classification number | 333.33 $2 18 |
| 110 2# - MAIN ENTRY--CORPORATE NAME | |
| Corporate name or jurisdiction name as entry element | Rightmove |
| 245 00 - TITLE STATEMENT | |
| Title | Rightmove house price index |
| Remainder of title | August 2007 |
| Medium | [electronic resource] |
| 260 ## - PUBLICATION, DISTRIBUTION, ETC. | |
| Place of publication, distribution, etc. | London |
| Name of publisher, distributor, etc. | Rightmove |
| Date of publication, distribution, etc. | 2007 |
| 490 00 - SERIES STATEMENT | |
| Series statement | Rightmove House Price Index |
| Volume/sequential designation | August 2007 |
| 520 ## - SUMMARY, ETC. | |
| Summary, etc. | Shows that the trend of modest monthly price increases has continued into August. The national average asking price has risen by 0.6%. London prices have fallen for the first time since August 2006. Sellers are having to realign their expectations as buyers' affordability limits have been reached. The current trend would appear consistent with house price rises matching wage increases for the foreseeable future. |
| 590 ## - LOCAL NOTE (RLIN) | |
| Local note | KA NTK |
| 650 24 - SUBJECT ADDED ENTRY--TOPICAL TERM | |
| Topical term or geographic name entry element | RIGHTMOVE HOUSE PRICE INDEX |
| 651 #4 - SUBJECT ADDED ENTRY--GEOGRAPHIC NAME | |
| Geographic name | United Kingdom |
| Chronological subdivision | |
| 690 ## - LOCAL SUBJECT ADDED ENTRY--TOPICAL TERM (OCLC, RLIN) | |
| Topical term or geographic name as entry element | PROPERTY-RESIDENTIAL PROPERTY-RESIDENTIAL PROPERTY MARKET |
| 856 40 - ELECTRONIC LOCATION AND ACCESS | |
| Uniform Resource Identifier | <a href="https://www.rightmove.co.uk/template/publicsite%2Caboutus%2CRTPRArchive.vm">https://www.rightmove.co.uk/template/publicsite%2Caboutus%2CRTPRArchive.vm</a> |
| Public note | View the index free of charge at www.rightmove.co.uk... |
| 942 ## - ADDED ENTRY ELEMENTS (KOHA) | |
| Suppress in OPAC | 0 |
| Withdrawn status | Lost status | Source of classification or shelving scheme | Damaged status | Not for loan | Home library | Current library | Shelving location | Date acquired | Total Checkouts | Full call number | Barcode | Date last seen | Copy number | Price effective from | Koha item type |
|---|---|---|---|---|---|---|---|---|---|---|---|---|---|---|---|
| Dewey Decimal Classification | Virtual | Virtual | Online | 30/08/2007 | ONLINE PUBLICATION | 140034-2001 | 06/08/2019 | 1 | 06/08/2019 | Book |